|
|
|
|
| LEADER |
00875nam a22001817a 4500 |
| 008 |
160601b xxu||||| |||| 00| 0 eng d |
| 999 |
|
|
|c 157105
|d 157105
|
| 020 |
|
|
|a 8127227382
|
| 082 |
|
|
|a 658.15
|
| 100 |
|
|
|a Gupta, Shashi K.
|
| 245 |
|
|
|a Financial management :
|c Shashi K. Gupta
|b theory and practice /
|
| 260 |
|
|
|a New Delhi :
|b Kalyani Publishers,
|c 2000.
|
| 300 |
|
|
|a 39.20 p.
|
| 700 |
|
|
|a Sharma, R. K.
|
| 942 |
|
|
|c BK
|
| 952 |
|
|
|0 0
|1 0
|4 0
|6 658_150000000000000_GUP_T
|7 0
|9 169915
|a CMS
|b CMS
|c ST1
|d 2016-06-01
|i 10265
|l 2
|o 658.15 GUP/T
|p CMS10265
|r 2021-07-12
|s 2021-06-28
|w 2017-05-05
|y BK
|k 350
|
| 952 |
|
|
|0 0
|1 0
|4 0
|6 658_150000000000000_GUP_T
|7 0
|9 169916
|a CMS
|b CMS
|c ST1
|d 2016-07-14
|i 7443
|l 0
|o 658.15 GUP/T
|p CMS7443
|r 2016-07-14
|w 2016-07-14
|y BK
|
| 952 |
|
|
|0 0
|1 0
|2 ddc
|4 0
|6 658_150000000000000_GUP_T
|7 0
|9 169917
|a CMS
|b CMS
|c ST1
|d 2018-01-08
|i 6212
|l 5
|o 658.15 GUP/T
|p CMS6212
|r 2021-12-08
|s 2021-07-23
|y BK
|